| 000 | 00662nam a2200217 i 4500 | ||
|---|---|---|---|
| 001 | 185967 | ||
| 003 | SpMaBN | ||
| 005 | 20250921063040.0 | ||
| 008 | 160831s1982 sp |||| | spa d | ||
| 020 | _a84-320-2125-3 | ||
| 080 | _a821.134.2-31"19" | ||
| 100 | 1 |
_aAldecoa, Ignacio, _d1925-1969 _919628 |
|
| 245 | 1 | 3 |
_aEl fulgor y la sangre / _cIgnacio Aldecoa. |
| 250 | _a3ª ed. en Colección popular. | ||
| 260 |
_aBarcelona : _bPlaneta, _c1982. |
||
| 300 |
_a262 p. ; _c18 cm. |
||
| 490 | 1 | _aColección popular | |
| 830 | 0 |
_aColección popular _9179891 |
|
| 852 |
_aES-MaACL _jL-30584 _z. - Donat. Miguel A. Velasco |
||
| 999 |
_c185967 _d185967 |
||